Normal view MARC view
  • England is my village

Entry Topical Term

Number of records used in: 1

001 - CONTROL NUMBER

  • control field: 107912

003 - CONTROL NUMBER IDENTIFIER

  • control field: NUST

005 - DATE AND TIME OF LATEST TRANSACTION

  • control field: 20230127130058.0

008 - FIXED-LENGTH DATA ELEMENTS

  • fixed length control field: 230127|| aca||aabn | a|a d

040 ## - CATALOGING SOURCE

  • Original cataloging agency: NUST
  • Transcribing agency: NUST

150 ## - HEADING--TOPICAL TERM

  • Topical term or geographic name entry element: England is my village

670 ## - SOURCE DATA FOUND

  • Source citation: Work cat.: (NUST)186029: Rhys, John Llewelyn, 107911, England is my village /, 1941
© 2023 Central Library, National University of Sciences and Technology. All Rights Reserved.